000 00494cam a2200193ua 4500
001 3526
008 111224n ii |||gr||||Z||||||asm
020 _a81-7339-013-4
040 _cMAIN
082 _a294.5922
100 _aHazarika, Karabi Deka,
_eEditor.
245 1 1 _aAsamiya Ramayanar chaneki
_ced. by Karabi Deka Hazarika
250 _a2nd.
260 _aDibrugarh:
_bBanalata,996.
300 _a103p:
_c23cm.
653 _aRamayan
653 _aAsamiya Ramayanar chaneki
942 _cBK
999 _c3367
_d3367